[Event "POL-chT 2nd League"]
[Site "Jastrzebia Gora"]
[Date "2019.09.11"]
[Round "5.10"]
[White "Wozniak, Mariola"]
[Black "Bajerlein, Dawid"]
[Result "1/2-1/2"]
[WhiteElo "2158"]
[BlackElo "2035"]
[PlyCount "30"]
[EventDate "2019.09.07"]
[EventType "team-swiss"]
[EventRounds "9"]
[EventCountry "POL"]
[SourceTitle "EXT 2020"]
[Source "ChessBase"]
[SourceDate "2019.10.17"]
[SourceVersion "1"]
[SourceVersionDate "2019.10.17"]
[SourceQuality "1"]
[WhiteTeam "Chrzanow Olimpijczyk"]
[BlackTeam "Lipno Steszew"]
[WhiteTeamCountry "POL"]
[BlackTeamCountry "POL"]

1. e4 c6 2. d4 d5 3. Nc3 dxe4 4. Nxe4 Bf5 5. Ng3 Bg6 6. h4 h6 7. Nf3 Nd7 8. h5 Bh7 9. Bd3 Bxd3 10. Qxd3 Ngf6 11. Bf4 e6 12. 0-0-0 Nd5 13. Bd2 Nb4 14. Bxb4 Bxb4 15. Ne4 Qa5 1/2-1/2

[Event "POL-chT Academic"]
[Site "Katowice"]
[Date "2018.02.04"]
[Round "9.12"]
[White "Wozniak, Mariola"]
[Black "Starczewska, Dominika"]
[Result "1-0"]
[WhiteElo "2170"]
[BlackElo "1991"]
[PlyCount "107"]
[EventDate "2018.02.03"]
[EventType "team-swiss (rapid)"]
[EventRounds "9"]
[EventCountry "POL"]
[SourceTitle "CBM 182 Extra"]
[Source "ChessBase"]
[SourceDate "2018.02.23"]
[SourceVersion "1"]
[SourceVersionDate "2018.02.23"]
[SourceQuality "1"]
[WhiteTeam "Krakow AGH"]
[BlackTeam "Wroclaw UWr"]
[WhiteTeamCountry "POL"]
[BlackTeamCountry "POL"]

1. e4 c5 2. Nf3 Nc6 3. d4 cxd4 4. Nxd4 Nf6 5. Nc3 e5 6. Ndb5 d6 7. Bg5 a6 8. Na3 b5 9. Nd5 Be7 10. Bxf6 Bxf6 11. c4 b4 12. Nc2 a5 13. g3 Bg5 14. h4 Bh6 15. Bh3 Bxh3 16. Rxh3 Rb8 17. b3 0-0 18. Kf1 Kh8 19. Kg2 Qd7 20. g4 Bf4 21. Nxf4 exf4 22. f3 Ne5 23. Qd2 Nxg4 24. fxg4 Qxg4+ 25. Kh2 f3 26. Qf2 Qxe4 27. Rxf3 Qe5+ 28. Kh1 Qb2 29. Rg1 Qe5 30. Ne3 Rbe8 31. Nf5 g6 32. Ne3 f5 33. Rd1 Kg8 34. Rd5 Qc3 35. Rxd6 Re4 36. Rd7 Rfe8 37. Nf1 Qe5 38. Rd5 Qf6 39. Rf4 Re2 40. Qf3 Qb2 41. Rxa5 R8e4 42. Ra8+ Kg7 43. Rxe4 Rxe4 44. Ra7+ Kh6 45. Qg3 Rg4 46. Qe3+ f4 47. Qd2 Qf6 48. Nh2 Rxh4 49. Kg1 Qg5+ 50. Kf1 Qh5 51. Rd7 Rxh2 52. Qxf4+ g5 53. Qd6+ Qg6 54. Qxh2+ 1-0

[Event "POL-chT Academic"]
[Site "Katowice"]
[Date "2018.02.04"]
[Round "8.12"]
[White "Zmarzly, Aleksandra"]
[Black "Wozniak, Mariola"]
[Result "0-1"]
[WhiteElo "1962"]
[BlackElo "2170"]
[PlyCount "84"]
[EventDate "2018.02.03"]
[EventType "team-swiss (rapid)"]
[EventRounds "9"]
[EventCountry "POL"]
[SourceTitle "CBM 182 Extra"]
[Source "ChessBase"]
[SourceDate "2018.02.23"]
[SourceVersion "1"]
[SourceVersionDate "2018.02.23"]
[SourceQuality "1"]
[WhiteTeam "Wroclaw PWr"]
[BlackTeam "Krakow AGH"]
[WhiteTeamCountry "POL"]
[BlackTeamCountry "POL"]

1. d4 f5 2. g3 Nf6 3. Bg2 g6 4. c3 Bg7 5. Qb3 d5 6. Nh3 0-0 7. 0-0 Nc6 8. Nf4 e6 9. Nd2 Qe7 10. Nf3 Ne4 11. Nd3 b6 12. Nfe5 Nxe5 13. Nxe5 Ba6 14. Re1 c5 15. Qa4 Bb7 16. f3 Nd6 17. h4 a5 18. Bg5 Qc7 19. Qd7 Qxd7 20. Nxd7 cxd4 21. Nxf8 Kxf8 22. Bd2 Nc4 23. Bg5 dxc3 24. b3 Nd6 25. Rac1 h6 26. Be3 d4 27. Bf2 Rd8 28. Red1 Nb5 29. a4 Na3 30. Rxc3 dxc3 31. Rxd8+ Ke7 32. Rb8 c2 33. Rxb7+ Kd6 34. Rxb6+ Kc7 35. Be3 Bd4 36. Bxd4 c1Q+ 37. Kh2 Qd2 38. e3 Nc2 39. Rxe6 Ne1 40. Be5+ Kc8 41. Rc6+ Kb7 42. Rc7+ Kb6 0-1

[Event "POL-chT Academic"]
[Site "Katowice"]
[Date "2018.02.03"]
[Round "4.12"]
[White "Wozniak, Mariola"]
[Black "Tomaszewska, Luiza"]
[Result "1-0"]
[WhiteElo "2170"]
[BlackElo "1955"]
[PlyCount "73"]
[EventDate "2018.02.03"]
[EventType "team-swiss (rapid)"]
[EventRounds "9"]
[EventCountry "POL"]
[SourceTitle "CBM 182 Extra"]
[Source "ChessBase"]
[SourceDate "2018.02.23"]
[SourceVersion "1"]
[SourceVersionDate "2018.02.23"]
[SourceQuality "1"]
[WhiteTeam "Krakow AGH"]
[BlackTeam "Warszawa PW"]
[WhiteTeamCountry "POL"]
[BlackTeamCountry "POL"]

1. e4 e6 2. d4 d5 3. Nc3 Bb4 4. e5 c5 5. a3 Bxc3+ 6. bxc3 Qa5 7. Bd2 Qa4 8. Qb1 c4 9. Qd1 Ne7 10. Nf3 h6 11. g3 Nbc6 12. Bh3 Bd7 13. 0-0 0-0-0 14. Rb1 f5 15. exf6 gxf6 16. Re1 f5 17. Nh4 Rdg8 18. Bf4 Ng6 19. Nxg6 Rxg6 20. Bg2 Qxa3 21. Qd2 h5 22. h4 a6 23. Rb6 Nd8 24. Qe3 Nf7 25. Bxd5 Qa5 26. Bxb7+ Kd8 27. Rxa6 Qb5 28. Ra8+ Ke7 29. Rxh8 Nxh8 30. Bg5+ Kf8 31. Bf3 Nf7 32. Bxh5 Rg7 33. Bf6 Rg8 34. Qc1 Qa4 35. Qb1 Qa5 36. Qb8+ Be8 37. Rxe6 1-0

[Event "POL-ch Academic (Women)"]
[Site "Katowice"]
[Date "2018.02.02"]
[Round "3"]
[White "Pastuszko, Kinga"]
[Black "Wozniak, Mariola"]
[Result "0-1"]
[WhiteElo "1987"]
[BlackElo "2170"]
[PlyCount "44"]
[EventDate "2018.02.02"]
[EventType "swiss (rapid)"]
[EventRounds "9"]
[EventCountry "POL"]
[SourceTitle "CBM 182 Extra"]
[Source "ChessBase"]
[SourceDate "2018.02.23"]
[SourceVersion "1"]
[SourceVersionDate "2018.02.23"]
[SourceQuality "1"]

1. e4 c5 2. Nf3 d6 3. d4 cxd4 4. Nxd4 Nf6 5. Nc3 a6 6. Bg5 Nbd7 7. f4 Qc7 8. Qd2 b5 9. Be2 Bb7 10. Bf3 e6 11. a3 Be7 12. g4 h6 13. Bxf6 Nxf6 14. 0-0-0 Rc8 15. h4 Nd7 16. g5 Nb6 17. g6 Nc4 18. gxf7+ Kxf7 19. Qg2 Nxb2 20. Bh5+ Kg8 21. Nxe6 Qxc3 22. e5 Bxg2 0-1

[Event "EU-ch rapid"]
[Site "Katowice"]
[Date "2017.12.16"]
[Round "2"]
[White "Pena Gomez, Manuel"]
[Black "Wozniak, Mariola"]
[Result "1-0"]
[WhiteElo "2491"]
[BlackElo "2170"]
[PlyCount "79"]
[EventDate "2017.12.16"]
[EventType "swiss (rapid)"]
[EventRounds "11"]
[EventCountry "POL"]
[SourceTitle "CBM 182 Extra"]
[Source "ChessBase"]
[SourceDate "2018.02.23"]
[SourceVersion "1"]
[SourceVersionDate "2018.02.23"]
[SourceQuality "1"]

1. e4 c5 2. Nc3 d6 3. g3 Nc6 4. Bg2 g6 5. d3 Bg7 6. Be3 e6 7. Qd2 Nge7 8. Bh6 0-0 9. h4 Nd4 10. Bxg7 Kxg7 11. h5 b5 12. Nd1 Ng8 13. f4 Bb7 14. Ne3 Rb8 15. g4 e5 16. hxg6 hxg6 17. f5 g5 18. c3 Nc6 19. Nf3 f6 20. Nd5 Rf7 21. 0-0-0 Nce7 22. Nxf6 Rxf6 23. Qxg5+ Ng6 24. Nh4 Qa5 25. Nxg6 Qxa2 26. Nxe5+ Kf8 27. Nd7+ Ke7 28. Rh7+ Kd8 29. Qxg8+ Qxg8 30. Rdh1 Qg5+ 31. Kb1 Rc8 32. Nxf6 Qxf6 33. Rh8+ Kc7 34. R1h7+ Kb8 35. Rxb7+ Kxb7 36. e5+ Kb6 37. exf6 Rxh8 38. f7 Kc7 39. Bd5 Kd8 40. f6 1-0

[Event "Lazy op 13th"]
[Site "Lazy"]
[Date "2017.07.03"]
[Round "8"]
[White "Nowak, Mikolaj"]
[Black "Wozniak, Mariola"]
[Result "1-0"]
[WhiteElo "2080"]
[BlackElo "2204"]
[PlyCount "137"]
[EventDate "2017.06.25"]
[EventType "swiss"]
[EventRounds "9"]
[EventCountry "POL"]
[SourceTitle "EXT 2018"]
[Source "ChessBase"]
[SourceDate "2017.10.13"]
[SourceVersion "1"]
[SourceVersionDate "2017.10.13"]
[SourceQuality "1"]

1. d4 f5 2. Nf3 Nf6 3. g3 g6 4. Bg2 Bg7 5. c4 0-0 6. 0-0 d6 7. Nc3 Nc6 8. d5 Na5 9. Qd3 e5 10. dxe6 Bxe6 11. b3 Nc6 12. Bb2 Ne4 13. Rac1 Nb4 14. Qb1 Nxc3 15. Bxc3 Bxc3 16. Rxc3 Qf6 17. Rcc1 Rae8 18. e3 Nc6 19. Qa1 Qe7 20. Nd4 Nxd4 21. Qxd4 a6 22. Rfd1 Rd8 23. Rd2 c6 24. h4 h6 25. Rcd1 g5 26. hxg5 hxg5 27. f4 Rf7 28. Kf2 c5 29. Qa1 Rh7 30. Rh1 b5 31. Rxh7 Kxh7 32. Bd5 Bxd5 33. Rxd5 Re8 34. Qh1+ Kg7 35. e4 Rh8 36. Qa1+ Kg8 37. Rxf5 Rh2+ 38. Kf3 gxf4 39. Rxf4 Qe5 40. Qxe5 dxe5 41. Rf5 Rxa2 42. cxb5 axb5 43. Rxe5 Rc2 44. Kf4 Kf7 45. g4 Kf6 46. Rf5+ Ke6 47. g5 Rf2+ 48. Kg4 Re2 49. Kf3 Rb2 50. g6 Rxb3+ 51. Kf4 Rb1 52. g7 Rf1+ 53. Kg5 Rg1+ 54. Kh6 b4 55. Rxc5 b3 56. Rb5 Rh1+ 57. Kg6 Rg1+ 58. Kh7 Rh1+ 59. Kg8 Ke7 60. Rxb3 Rh4 61. Rb6 Rh5 62. e5 Rh4 63. Rb7+ Ke8 64. e6 Rh1 65. e7 Rg1 66. Rb8+ Kxe7 67. Rb4 Kf6 68. Rb6+ Ke7 69. Kh7 1-0

[Event "Lazy op 13th"]
[Site "Lazy"]
[Date "2017.06.25"]
[Round "1"]
[White "Wozniak, Mariola"]
[Black "Lascar, Radoslawa"]
[Result "1-0"]
[WhiteElo "2204"]
[BlackElo "1775"]
[PlyCount "73"]
[EventDate "2017.06.25"]
[EventType "swiss"]
[EventRounds "9"]
[EventCountry "POL"]
[SourceTitle "EXT 2018"]
[Source "ChessBase"]
[SourceDate "2017.10.13"]
[SourceVersion "1"]
[SourceVersionDate "2017.10.13"]
[SourceQuality "1"]

1. e4 c5 2. Nf3 Nc6 3. d4 cxd4 4. Nxd4 Nf6 5. Nc3 e5 6. Ndb5 d6 7. Bg5 a6 8. Na3 b5 9. Nd5 Be7 10. Bxf6 Bxf6 11. c4 b4 12. Nc2 a5 13. g3 Bg5 14. h4 Bh6 15. Bh3 Be6 16. Kf1 0-0 17. Kg2 Ra7 18. Qd3 Rb7 19. b3 g6 20. h5 Qg5 21. Rad1 Rd7 22. f4 exf4 23. Nxf4 Re8 24. Ne3 Bg7 25. Ned5 Ne5 26. Qf1 Ng4 27. Qe2 Ne5 28. hxg6 Nxg6 29. Bxe6 fxe6 30. Rh5 Qd8 31. Ne3 Be5 32. Nxg6 hxg6 33. Qg4 Qf6 34. Rf1 Qg7 35. Rg5 Rf7 36. Rxg6 Ree7 37. Rxf7 1-0

[Event "Marianske Lazne IM-B3 16th"]
[Site "Marianske Lazne"]
[Date "2017.01.26"]
[Round "7"]
[White "Wozniak, Mariola"]
[Black "Lundin, Jan"]
[Result "0-1"]
[WhiteElo "2193"]
[BlackElo "2276"]
[PlyCount "80"]
[EventDate "2017.01.21"]
[EventType "tourn"]
[EventRounds "9"]
[EventCountry "CZE"]
[EventCategory "1"]
[SourceTitle "CBM 176 Extra"]
[Source "ChessBase"]
[SourceDate "2017.03.02"]
[SourceVersion "1"]
[SourceVersionDate "2017.03.02"]
[SourceQuality "1"]

1. e4 e5 2. Nf3 Nc6 3. Nc3 Nf6 4. d4 exd4 5. Nxd4 Bb4 6. Nxc6 bxc6 7. Bd3 d5 8. exd5 Qe7+ 9. Qe2 Qxe2+ 10. Kxe2 cxd5 11. Bd2 0-0 12. Rhe1 c6 13. Rad1 Bd6 14. h3 Nd7 15. Kf1 Nc5 16. Be3 Rb8 17. Bxc5 Bxc5 18. Na4 Bd6 19. c4 Be6 20. c5 Be7 21. a3 Bf6 22. Rb1 g6 23. b4 Rfc8 24. Ke2 Re8 25. Kd2 Bd4 26. Re2 Bd7 27. Rbe1 Kf8 28. f3 h5 29. g4 Rxe2+ 30. Rxe2 f5 31. gxf5 gxf5 32. f4 Kf7 33. Rg2 Re8 34. Be2 Re3 35. Bxh5+ Kf8 36. Bd1 Rxh3 37. Kc2 Rxa3 38. Nb2 a5 39. bxa5 Rxa5 40. Rh2 Rxc5+ 0-1

[Event "Wch U18 Girls"]
[Site "Khanty-Mansiysk"]
[Date "2016.09.24"]
[Round "3"]
[White "Wozniak, Mariola"]
[Black "Trippold, Denise"]
[Result "1-0"]
[WhiteElo "2246"]
[BlackElo "2068"]
[PlyCount "79"]
[EventDate "2016.09.22"]
[EventType "swiss"]
[EventRounds "11"]
[EventCountry "RUS"]
[SourceTitle "EXT 2017"]
[Source "ChessBase"]
[SourceDate "2016.10.25"]
[SourceVersion "1"]
[SourceVersionDate "2016.10.25"]
[SourceQuality "1"]

1. d4 Nf6 2. c4 e6 3. Nc3 Bb4 4. Qc2 c5 5. dxc5 0-0 6. a3 Bxc5 7. Nf3 b6 8. Bf4 Bb7 9. b4 Be7 10. Rd1 a6 11. e4 a5 12. b5 Bxa3 13. Bd3 Nh5 14. Be3 Qc7 15. Na4 Bb4+ 16. Nd2 Bc5 17. Nxc5 bxc5 18. Nb3 d6 19. e5 a4 20. Bxh7+ Kh8 21. exd6 axb3 22. dxc7 bxc2 23. Bxc2 Bxg2 24. Bxc5 Re8 25. Rg1 Bf3 26. Rd3 Nd7 27. Rxd7 Nf6 28. Rd3 Be4 29. Rh3+ Kg8 30. Bd1 Bf5 31. Ra3 Ne4 32. Rxa8 Rxa8 33. Bd4 e5 34. b6 Bc8 35. Bxe5 f6 36. Bd4 Ra2 37. c5 Rd2 38. c6 Rxd4 39. b7 Nd6 40. b8Q 1-0

[Event "Vienna op-A"]
[Site "Vienna"]
[Date "2016.08.20"]
[Round "6"]
[White "Dauth, Benjamin"]
[Black "Wozniak, Mariola"]
[Result "1-0"]
[WhiteElo "2367"]
[BlackElo "2166"]
[PlyCount "75"]
[EventDate "2016.08.16"]
[EventType "swiss"]
[EventRounds "9"]
[EventCountry "AUT"]
[SourceTitle "CBM 173 Extra"]
[Source "ChessBase"]
[SourceDate "2016.08.29"]
[SourceVersion "1"]
[SourceVersionDate "2016.08.29"]
[SourceQuality "1"]

1. e4 c5 2. c3 d6 3. d4 Nf6 4. d5 g6 5. Bd3 Bg7 6. Ne2 0-0 7. 0-0 e6 8. dxe6 Bxe6 9. c4 Nc6 10. Nbc3 Re8 11. h3 Ne5 12. f4 Nxd3 13. Qxd3 Nd7 14. Rd1 Nb6 15. b3 f5 16. Be3 fxe4 17. Qxd6 Qh4 18. Bf2 Qh6 19. Qxc5 e3 20. Bg3 Bf5 21. Rac1 Bf8 22. Qa5 Rec8 23. Nb5 Qh5 24. Qe1 Rd8 25. Rxd8 Rxd8 26. Rd1 Rxd1 27. Qxd1 Bc5 28. Kf1 Bxh3 29. Qd8+ Kf7 30. Qc7+ Nd7 31. gxh3 Qxh3+ 32. Kg1 Qxg3+ 33. Nxg3 e2+ 34. Kg2 e1Q 35. Qxd7+ Kf6 36. Qd8+ Kg7 37. Qc7+ Be7 38. Qe5+ 1-0

[Event "Vienna op-A"]
[Site "Vienna"]
[Date "2016.08.19"]
[Round "4"]
[White "Singer, Christoph"]
[Black "Wozniak, Mariola"]
[Result "1/2-1/2"]
[WhiteElo "2334"]
[BlackElo "2166"]
[PlyCount "95"]
[EventDate "2016.08.16"]
[EventType "swiss"]
[EventRounds "9"]
[EventCountry "AUT"]
[SourceTitle "CBM 173 Extra"]
[Source "ChessBase"]
[SourceDate "2016.08.29"]
[SourceVersion "1"]
[SourceVersionDate "2016.08.29"]
[SourceQuality "1"]

1. e4 c5 2. Nf3 d6 3. Bb5+ Nd7 4. 0-0 Ngf6 5. Re1 a6 6. Bd3 g6 7. c3 Bg7 8. Bc2 0-0 9. d4 b6 10. Nbd2 Bb7 11. Nf1 Qc7 12. Bg5 h6 13. Bd2 e5 14. d5 c4 15. b4 cxb3 16. axb3 a5 17. Ng3 b5 18. Bd3 Ba6 19. b4 a4 20. Qe2 Rfb8 21. Nf1 Nb6 22. Ne3 Qd7 23. Nc2 Ne8 24. Na3 f5 25. Nh4 fxe4 26. Qxe4 Nf6 27. Qxg6 Qe8 28. Qg3 Nbxd5 29. Nf5 Nh5 30. Nxh6+ Kf8 31. Qf3+ Ndf4 32. Nf5 Bb7 33. Be4 d5 34. Bc2 Qg6 35. Ng3 e4 36. Nxh5 exf3 37. Bxg6 Nxg6 38. Nxb5 Be5 39. Nd4 fxg2 40. Kxg2 Kf7 41. f4 Bxd4 42. cxd4 Rh8 43. Ng3 Kf6 44. Rec1 Nh4+ 45. Kf2 Nf5 46. Rh1 a3 47. Ra2 Rh3 48. Nxf5 1/2-1/2

[Event "Pardubice Czech op-A 27th"]
[Site "Pardubice"]
[Date "2016.07.29"]
[Round "8"]
[White "Wozniak, Mariola"]
[Black "Rabatin, Jakub"]
[Result "1-0"]
[WhiteElo "2166"]
[BlackElo "2281"]
[PlyCount "81"]
[EventDate "2016.07.22"]
[EventType "swiss"]
[EventRounds "9"]
[EventCountry "CZE"]
[SourceTitle "CBM 173 Extra"]
[Source "ChessBase"]
[SourceDate "2016.08.29"]
[SourceVersion "1"]
[SourceVersionDate "2016.08.29"]
[SourceQuality "1"]

1. e4 c5 2. Nf3 Nc6 3. d4 cxd4 4. Nxd4 Nf6 5. Nc3 e6 6. Nxc6 bxc6 7. Bd3 d5 8. 0-0 Be7 9. Re1 d4 10. Nb1 e5 11. h3 Be6 12. Nd2 Qc7 13. Nc4 Nd7 14. Bd2 0-0 15. Qf3 Nc5 16. Rac1 f5 17. exf5 Nxd3 18. cxd3 Bd5 19. Qg4 Bf6 20. Bb4 Rfe8 21. b3 Qd7 22. Nd6 Rf8 23. Ne4 Bxe4 24. Qxe4 Rfc8 25. Rc4 Rab8 26. Rec1 Rb6 27. Bd2 Kh8 28. g4 h6 29. Kg2 Ra6 30. R4c2 Kg8 31. a4 Qb7 32. a5 Qxb3 33. Rc5 Qb7 34. Kg3 Qd7 35. h4 Qe7 36. g5 hxg5 37. hxg5 Bxg5 38. Rxe5 Qd8 39. f6 Bxd2 40. Rh1 Bh6 41. f7+ 1-0